Kluby piłkarskie serie a - Statystyki

Ogólne statystyki
  • Ten quiz został rozwiązany 57 razy
  • Średni wynik to 14 z 20
Statystyki odpowiedzi
Hint Odpowiedź % Poprawnych
2 Inter
100%
AC Milan
98%
Juventus
96%
1 Napoli
94%
3 atalanta
85%
Roma
85%
Lazio
79%
Fiorentina
75%
Torino
71%
Como
69%
Bologna
67%
Venezia
63%
Genoa
60%
Udinese
60%
Monza
56%
Hellas
54%
Parma
54%
Empoli
52%
Cagliari
48%
Lecce
44%
Nie znaleziono quizów pasujących do podanych kryteriów
Rozkład punktacji
Procent ludzi z każdym wynikiem
Percentyl według liczby udzielonych odpowiedzi
Twoja historia wyników
Nie rozwiązałeś tego quizu